অচল খুনী-সচল চোর / (Record no. 49573)
[ view plain ]
| 000 -LEADER | |
|---|---|
| fixed length control field | 00807nam a2200229 a 4500 |
| 001 - CONTROL NUMBER | |
| control field | 49573 |
| 003 - CONTROL NUMBER IDENTIFIER | |
| rucl marc code | BD-RjUL |
| 005 - DATE AND TIME OF LATEST TRANSACTION | |
| control field | 20211209054709.0 |
| 008 - FIXED-LENGTH DATA ELEMENTS--GENERAL INFORMATION | |
| fixed length control field | 160821s1967 BG |||| |||| 00|benbbend |
| 020 ## - INTERNATIONAL STANDARD BOOK NUMBER | |
| Terms of availability | : Tk. 1.75 |
| 035 ## - SYSTEM CONTROL NUMBER | |
| System control number | (BD-RjUL)49692 |
| 040 ## - CATALOGING SOURCE | |
| Original cataloging agency | BD-RjUL |
| Language of cataloging | ben |
| Transcribing agency | BD-RjUL |
| 041 ## - LANGUAGE CODE | |
| Language code of text/sound track or separate title | ben |
| 082 ## - DEWEY DECIMAL CLASSIFICATION NUMBER | |
| Edition number | 23 |
| Classification number | 891.443 |
| Author mark and year | AHO 1967 |
| 100 1# - MAIN ENTRY--PERSONAL NAME | |
| Personal name | আহমদ, আব্বাছ উদ্দীন |
| 9 (RLIN) | 148000 |
| 245 10 - TITLE STATEMENT | |
| Title | অচল খুনী-সচল চোর / |
| Statement of responsibility, etc. | আব্বাছ উদ্দীন আহমদ |
| 260 ## - PUBLICATION, DISTRIBUTION, ETC. (IMPRINT) | |
| Place of publication, distribution, etc. | নোয়াখালী : |
| Name of publisher, distributor, etc. | বাচ্চু মিঞা, |
| Date of publication, distribution, etc. | ১৯৬৭ |
| 300 ## - PHYSICAL DESCRIPTION | |
| Pagination | [৬], ১২৪ পৃ. ; |
| Illustrations | ১৯ সেমি. |
| 650 ## - SUBJECT ADDED ENTRY--TOPICAL TERM | |
| Topical term or geographic name as entry element | বাংলা উপন্যাস |
| 9 (RLIN) | 148001 |
| Topical term or geographic name as entry element | Bengali Fiction |
| 9 (RLIN) | 148002 |
| 942 ## - ADDED ENTRY ELEMENTS (KOHA) | |
| Source of classification or shelving scheme | Dewey Decimal Classification |
| Koha item type | Books |
| Lost status | Source of classification or shelving scheme | Damaged status | Not for loan | Collection code | Permanent Location | Current Location | Shelving location | Date acquired | Source of acquisition | Cost, normal purchase price | Total Checkouts | Full call number | Date last seen | Copy number | Koha item type |
|---|---|---|---|---|---|---|---|---|---|---|---|---|---|---|---|
| Dewey Decimal Classification | Fiction | Central Library, University of Rajshahi | Central Library, University of Rajshahi | 14/06/1968 | Nawroge | 1.75 | B 891.443 AHO 1967 | 21/08/2016 | C-2 | Books | |||||
| Dewey Decimal Classification | Not For Loan | Fiction | Central Library, University of Rajshahi | Central Library, University of Rajshahi | Reading Room | 11/06/1968 | Nowroz | 1.75 | B 891.443 AHO 1967 | 28/03/2021 | C-1 | Books |